Das grosse Bastelbuch : (Запис № 486589)
[ простий вигляд ]
| 000 -LEADER | |
|---|---|
| fixed length control field | 01409cam a2200265Mi 4500 |
| 001 - CONTROL NUMBER | |
| control field | dasgrossebastelb00offe |
| 003 - CONTROL NUMBER IDENTIFIER | |
| control field | CaSfIA |
| 005 - DATE AND TIME OF LATEST TRANSACTION | |
| control field | 20210118001020.0 |
| 007 - PHYSICAL DESCRIPTION FIXED FIELD--GENERAL INFORMATION | |
| fixed length control field | cr|||| |
| 008 - FIXED-LENGTH DATA ELEMENTS--GENERAL INFORMATION | |
| fixed length control field | 891212s1989 gw u000 u ger d |
| 040 ## - CATALOGING SOURCE | |
| Original cataloging agency | GWDNB |
| Description conventions | rakwb |
| Language of cataloging | ger |
| Transcribing agency | GWDNB |
| Modifying agency | OCLCQ |
| -- | CaSfIA |
| 016 7# - NATIONAL BIBLIOGRAPHIC AGENCY CONTROL NUMBER | |
| Record control number | 900019484 |
| Source | GyFmDB |
| 020 ## - INTERNATIONAL STANDARD BOOK NUMBER | |
| International Standard Book Number | 3889780334 : |
| Terms of availability | Pp. : DM 18.90, S 138.00 |
| 020 ## - INTERNATIONAL STANDARD BOOK NUMBER | |
| International Standard Book Number | 9783889780331 |
| 035 ## - SYSTEM CONTROL NUMBER | |
| System control number | (OCoLC)75117547 |
| 245 04 - TITLE STATEMENT | |
| Title | Das grosse Bastelbuch : |
| Medium | [electronic resource] |
| Remainder of title | das aktuelle Buch für ihr schönstes Hobby ; Basteln in den beliebtesten Techniken ; über 300 Ideen und Anregungen für die ganze Familie ; alle Vorschläge mit ausführlichen Anleitungen, Musterzeichnungen und Schnitten. |
| 260 ## - PUBLICATION, DISTRIBUTION, ETC. (IMPRINT) | |
| Place of publication, distribution, etc | Offenburg : |
| Name of publisher, distributor, etc | Burda, |
| Date of publication, distribution, etc | 1989. |
| 300 ## - PHYSICAL DESCRIPTION | |
| Extent | 180 S. ; |
| Dimensions | 28 cm. + |
| Accompanying material | Beil. (6 S.) |
| 506 ## - RESTRICTIONS ON ACCESS NOTE | |
| Standardized terminology for access restriction | Необхідна авторизація на https://archive.org/ (створення облікового запису безкоштовно) |
| 506 ## - RESTRICTIONS ON ACCESS NOTE | |
| Standardized terminology for access restriction | Необхідна авторизація на https://openlibrary.org/ (створення облікового запису безкоштовно) |
| 650 #7 - SUBJECT ADDED ENTRY--TOPICAL TERM | |
| Topical term or geographic name as entry element | Basteln |
| Form subdivision | Anleitung. |
| Source of heading or term | swd |
| 856 41 - ELECTRONIC LOCATION AND ACCESS | |
| Uniform Resource Identifier | <a href="http://www.archive.org/details/dasgrossebastelb00offe">http://www.archive.org/details/dasgrossebastelb00offe</a> |
| Public note | Free eBook from the Internet Archive |
| 856 42 - ELECTRONIC LOCATION AND ACCESS | |
| Uniform Resource Identifier | <a href="http://www.openlibrary.org/books/OL24204700M">http://www.openlibrary.org/books/OL24204700M</a> |
| Public note | Additional information and access via Open Library |
| 942 ## - ADDED ENTRY ELEMENTS (KOHA) | |
| Koha item type | ЕКнига |
Немає доступних примірників.